MDQL
is popping MORE tags! Check the
thread
!
Quizzes
Events
Quiz Creation
Community
Videos
Private Events
Remove Ads
Sign In
Join for FREE
Feedback
Dark Mode
Quiz Categories
Sports
Geography
Music
Movies
Television
Just For Fun
Miscellaneous
History
Literature
Language
Science
Gaming
Entertainment
Religion
Holiday
For Kids
Quiz Lab
Recent
Popular Today
Quiz Kudos Today
Editor Picks
Curator Picks
Quizzes by...
Day
Popularity
Type
Ratings
Length
Year
Community
Subscriptions
Recent Discussions
Orange Saloon
Badges
Playlists
Quests
Create
Leaderboards
Showdown
Live 5
Trivia Bingo
Activity
Puzzle Library
Sporcle Events
Private Events
Virtual Trivia
Globe League
Become a Host
Pub Owners
SporcleCon
Opinionation
Our Games
Videos
Blog
Mobile Apps
Partnerships
Remove Ads and Go Orange
Feedback
Literature
Harry Potter
A Song of Ice and Fire
The Hunger Games
Literary Character
Shakespeare
Book
Author
Novel
Poem
Young Adult
Children's Books
Play
Lord of the Rings
Literature
Harry Potter
A Song of Ice and Fire
The Hunger Games
Literary Character
Shakespeare
Book
Author
Novel
Poem
Young Adult
Children's Books
Play
Lord of the Rings
Random Quiz
Search Sporcle
×
Quiz Lab
Quiz Lab
Literature
The Hunger Games
Type in answers that appear in a list
Type in answers that appear in a list
Classic
Best Score? Go Orange.
The Hunger Games: Male or Female? Stats
Can you name the correct genders of characters from The Hunger Games Trilogy?
By
have_a_nice_day
5m
78 Questions
398 Plays
398 Plays
398 Plays
Comments
Comments
Give Quiz Kudos
Give Quiz Kudos
-
- Ratings
hide this ad
More Info
Forced Order
Answers have to be entered in order
Answers have to be entered in order
Wrong Answers
Some wrong answers will appear in red
Some wrong answers will appear in red
Random Order
Randomize order of answers
Randomize order of answers
Replay
Link that replays current quiz
Next Quiz
Link to next quiz in quiz playlist
You Got
0%
They Got
Avg Score
77%
Avg Friend Score
Upgrade to see
Score Distribution
Jump to the score distribution portion of the page
Score
0/78
Timer
05:00
0
Plays Today
Character
M or F?
% Correct
Leegs 1 & 2
???
89.4%
Caesar
???
88.9%
Thresh
???
87.2%
Darius
???
85.9%
Johanna
???
85.9%
Katniss
???
85.9%
Rue
???
85.9%
Titus
???
85.9%
Romulus
???
85.7%
Brutus
???
85.4%
Cato
???
85.4%
Effie
???
85.4%
Venia
???
85.4%
Annie
???
85.2%
Bonnie
???
85.2%
Dalton
???
85.2%
Haymitch
???
85.2%
Cecelia
???
84.9%
Finnick
???
84.7%
Primrose
???
84.7%
Madge
???
84.4%
Martin
???
84.4%
Plutarch
???
84.4%
Cray
???
84.2%
Hazelle
???
84.2%
Marvel
???
84.2%
Portia
???
84.2%
Foxface
???
83.9%
Glimmer
???
83.9%
Thom
???
83.9%
Claudius
???
83.7%
Cressida
???
83.7%
Maysilee
???
83.7%
Mitchell
???
83.7%
Woof
???
83.7%
Boggs
???
83.4%
Coriolanus
???
83.2%
Greasy Sae
???
83.2%
Clove
???
82.9%
Character
M or F?
% Correct
Enobaria
???
82.9%
Gale
???
82.9%
Lavinia
???
82.7%
Octavia
???
82.7%
Peeta
???
82.7%
Chaff
???
82.4%
Delly
???
81.7%
Castor
???
81.4%
Beetee
???
81.2%
Mags
???
81.2%
Seneca
???
81.2%
Wiress
???
81.2%
Cinna
???
80.4%
Pollux
???
80.4%
Homes
???
80.2%
Tax
???
80.2%
Rory
???
79.6%
Blight
???
78.1%
Posy
???
78.1%
Flavius
???
76.9%
Tigris
???
75.6%
Fulvia
???
75.1%
Vick
???
75.1%
Coin
???
74.4%
Purnia
???
74.1%
Cashmere
???
72.4%
Twill
???
71.9%
Atala
???
71.4%
Lyme
???
61.3%
Paylor
???
61.3%
Seeder
???
60.3%
Gloss
???
57%
Leevy
???
53.3%
Buttercup
???
49.7%
Messalla
???
46%
Jackson
???
44%
Ripper
???
41.5%
Rooba
???
35.4%
Bristel
???
32.9%
Quiz Playlist
Details
Report
Send in Message
Add To Playlist
More Info:
Please feel free to leave a comment letting me know about any mistakes.
Classic:
Type in answers that appear in a list
Forced Order:
Answers have to be entered in order
Wrong Answers:
Some wrong answers will appear in red
Random Order:
Randomize order of answers
Quiz Source
Last Updated: Feb 16, 2017
Quiz Scoreboard
CHALLENGE
Sign Up to Join the Scoreboard
Show All
Scores
Hide
Comments
May contain spoilers
Recently Published
5x2 Blitz: Bands
by SL_Kpop136
Music
30s
Colored Red Africa Blitz
by spor1
Geography
30s
Find the 'City' Movie
by crazypaving
Movies
60s
More to Explore
Quiz From the Vault
Featured Blog Post
14 Easter Pick-up Lines to Find Eggs With
hide this ad
You Might Also Like...
Tags
The Hunger Games Quiz
Today's Top Quizzes in Literature
Browse Literature
hide this ad
Today's Top Quizzes in The Hunger Games
Browse The Hunger Games
Top Contributed Quizzes in Literature
1
Sneaky Slytherin Logic Puzzle
2
Harry Potter Slytherin Logic Puzzle
3
Get The Picture: Black or White Literature
4
A Song of Ice and Fire Logic Puzzle
5
Logic Puzzle: Avoid Dumbledore's Army
6
Mini Trivia Sudoku: A Song of Ice and Fire
7
'Middle' Earth
8
Quick Pick: Easter in Book Titles
9
Books By Opening Lines IV
10
The Hunger Games Logic Puzzle: Find Katniss
Explore More
Trending Topics
Crossword
Marvel
Kpop
Anime
NBA
Harry Potter
Disney
The Office
WWE
Soccer
NFL
Puzzle
Song
Country
Pokémon
hide this ad
More By:
have_a_nice_day
Quiz
Plays
Rating
Category
Featured
Created
One-Word Beatles Songs
33,185
4.46
Music
Nov 16, 2009
Things Y'all Gon' Make DMX Do
20,561
4.80
Music
Jan 30, 2015
Follow That Line: The Room
2,460
4.75
Movies
Feb 12, 2013
Super Smash Bros. According to my Mom
2,325
3.81
Gaming
Jan 21, 2015
Pentatonix Evolution of Music (Video Quiz)
1,812
4.71
Music
Apr 21, 2013
Go to Creator's Profile
Score Distribution
Quiz Creator Spotlight
have_a_nice_day
Follow
Send a Message
Quizzes Created
-
Created Quiz Play Count
-
More By This Creator
Popular Quizzes Today
1
Colored Red Africa Blitz
2
Find the US States - No Outlines Minefield
3
Find the 'City' Movie
4
5x2 Blitz: Bands
5
The Countries of the World
6
Find the US States
7
US States
8
Find the Countries of Europe - No Outlines Minefield
More Literature Quizzes
Harry Potter's Magical Creatures Crossword
Editor's Pick
Trending Quizzes
Colored Red Europe Blitz I
Colored Red Europe Blitz II
Colored Red Africa Blitz II
Colored Red Europe Blitz III
Colored Red Africa Blitz III
Recently Updated
How Do You Spell That?
pecheneg
Godzilla Movies
pecheneg
Grab Bag: 4-10 Letters
pecheneg
2024 March Madness Bracket
pecheneg
Famous TV Couples
Peacemaker
Champions League XIs: Real Madrid
pecheneg
Largest US Cities 1790-2010
pecheneg
Rides in Walt Disney World
pecheneg
Most Oscar Losses (Acting)
pecheneg
Beyoncé Albums
pecheneg
Trending Topics
Harry Potter
Anime
Kpop
NBA
Marvel
Disney
Crossword
NFL
The Office
Soccer
Pokémon
Song
Country
WWE
Puzzle
Your Account Isn't Verified!
In order to create a playlist on Sporcle, you need to verify the email address you used during registration. Go to your
Sporcle Settings
to finish the process.
Report this User
Report this user for behavior that violates our
Community Guidelines
.
Details:
Send Report
Go to the Sporcle.com Mobile Site →
Comments